000 00640cam a2200181 4500
001 ABS61093
008 000000n1999 000 0 eng u
035 _a(Sirsi) u101642
100 _aGreen, C.
245 _aConflicting signals over clusters.
260 _c1999
490 _aPlanning (for the Natural and Built Environment)
_v(1333) 27 August 1999, 12(1)
520 _aHigh tech firms are vital to Britain's future prosperity - but how far can towns go to accommodate their development plans? (Taken from journal headnote.)
650 _aPLANNING
650 _aHIGH TECH
690 _aPROPERTY-PROPERTY DEVELOPMENT
942 _n0
999 _c60770
_d60770